01445nam a22002897a 4500003000900000005001700009008004100026020001800067040002500085082001500110100004300125245018800168260005300356300002100409500007200430500003500502590002700537590006700564700004200631700003500673910001400708942001400722952014600736952012800882952012801010999001701138DO-SdBNP20220429134502.0110301s2021 dr 001 0 spa d a9789945931716 aDO-SdBNPbspacBNPHU 4axxxxbO77e1 aOrtiz Núñez, Dantes 953018d1957-13aEl estado dominicano, análisis y contexto :b(artículos publicados entre 1990 y 2021) /cDantes Ortiz Núñez ; presentación Modesto Cuesta Soriano ; prólogo José C. Novas aSanto Domingo :bOcéano azul ediciones,c2021. a191 p. :c25 cm. aIncluye datos biográficos del autor en la solapa de la portada.  aIncluye índice onomástico  aInventariado, 2022/ YL aLa biblioteca posee un (1) ejemplar autografiado por el autor.12aCuesta Soriano, Modestoepres.97766712aNovas, José C.eprol.931859 aYLockward 2ddccLBS1 00102ddc53708PDaBNPHUbBNPHUcCTd2022-02-02eDante Ortizoxxxx O77ep2022-1720r2022-04-29w2022-04-29yLBS1zAutografiado por el autor 00102ddc53708PDaBNPHUbBNPHUcCTd2022-02-02eDante Ortizl0oxxxx O77ep2022-1721r2022-04-29te. 2w2022-04-29yLBS1 00102ddc56708PDaBNPHUbBNPHUcCTd2022-02-02eDante Ortizl0oxxxx O77ep2022-1722r2022-04-29te. 3w2022-04-29yLBS1 c51623d51623